000 00610nam a2200181Ia 4500
008 100920s9999 xx 000 0 und d
082 _b38179
_a24 थ 74
100 _aदादूमिया.
245 _aदलितांचे राजकारण .
260 _bमॅजेस्टिक बुक स्टॉल, मुंबई.4.
_c1974
300 _a195
_bसाधी
365 _b15
520 _aसायो.
630 _aदलितांचे राजकारण .
650 _aसायो.
730 _aदलितांचे राजकारण .
942 _cBOOK
999 _c690357
_d690354